| 000 | 00751nam a2200241 a 4500 | ||
|---|---|---|---|
| 001 | 45987 | ||
| 003 | BD-RjUL | ||
| 005 | 20211209054107.0 | ||
| 008 | 161204s1942 nyu 001 0 eng d | ||
| 035 | _a(BD-RjUL) 46105 | ||
| 040 |
_aBD-RjUL _beng _cBD-RjUL _dBD-RjUL |
||
| 041 | _aeng | ||
| 082 |
_223 _a301.072 _bLUS 1942 |
||
| 100 | 1 |
_aLundberg, George Andrew, _d1895-1966. _9140613 |
|
| 245 | 1 | 0 |
_aSocial research : _ba study in methods of gathering data / _cby George A. Lundberg |
| 250 | _a2nd ed | ||
| 260 |
_aLondon : _bGreeneood Press, _c1942 |
||
| 300 |
_axx, 426 p. ; _c21 cm |
||
| 500 | _aIncludes Index. | ||
| 650 | 0 |
_aSocial surveys _zUnited States _9140614 |
|
| 650 | 0 |
_aSocial sciences _xResearch _xMethodology _9140472 |
|
| 942 |
_2ddc _cBK |
||
| 999 |
_c45987 _d45987 |
||